000 00381nam a22001457a 4500
003 macl
005 20170805131348.0
008 170805b xxu||||| |||| 00| 0 eng d
040 _cmacl
100 _aDhillon, Shamshir Singh
_968526
245 _aEssentials of Teaching and Learning
260 _aDelhi
_bGyan Geeta Prakashan
_c2016
650 _aEducation
_968527
942 _2ddc
_cBK
999 _c56805
_d56805